Causality Electromagnetic Induction and Gravitation : a Different Approach to the Theory of Electromagnetic and Gravitational Fields /

Contenido: Ecuaciones de Maxwell y causalidad en los fenómenos electromagnéticos; Naturaleza de la inducción electromagnética; Campos y furzas electrocinéticas; Acción y reacción en campos eléctricos, magnéticos y gravitacionales; Extensión de la teoría de la gravitación de Newton a sistemas dependi...

Description complète

Enregistré dans:
Détails bibliographiques
Auteur principal: Jefimenko, Oleg D. (autor)
Format: Livre
Langue:anglais
Publié: Star City, EUA : Electret Scientific, 2000, c2000
Édition:2a edición
Sujets:
Tags: Ajouter un tag
Pas de tags, Soyez le premier à ajouter un tag!

MARC

LEADER 00000nam^a2200000^a^4500
001 000131643
005 20250521000000.0
009 20260310095030.287
020 |a 0-917406-23-0 
037 |a Acervo ITESO - Biblioteca 
041 |a ING 
082 |a 530. 143  |b JEF 
100 |a Jefimenko, Oleg D.  |e (autor) 
245 1 0 |a Causality Electromagnetic Induction and Gravitation :  |b a Different Approach to the Theory of Electromagnetic and Gravitational Fields /  |c O.D. Jefimenko. 
250 |a 2a edición 
264 4 |a Star City, EUA :  |b Electret Scientific,  |c 2000, c2000 
300 |a XIV, 210 p. 
336 |a texto  |b txt  |2 rdacontenido 
337 |a sin mediación  |b n  |2 rdamedio 
338 |a volumen  |b nc  |2 rdasoporte 
520 |a Contenido: Ecuaciones de Maxwell y causalidad en los fenómenos electromagnéticos; Naturaleza de la inducción electromagnética; Campos y furzas electrocinéticas; Acción y reacción en campos eléctricos, magnéticos y gravitacionales; Extensión de la teoría de la gravitación de Newton a sistemas dependientes del tiempo; Ecuaciones gravitacionales; Campos y fuerzas gravitacionbales; gravedad y antigravedad. 
649 |a XX 
650 |a Teoría de Campos (Física) 
650 |a Ecuaciones de Maxwell 
650 |a Gravitación 
650 |a Teoría Electromagnética 
650 |a Teorías del Campo Unificado 
650 |a Física Matemática 
650 |a Física -  |x Teoría 
910 |a Fondo General 
920 |a Impresos - Libros 
930 |a Colección General 
905 |a 101 
901 |a 0500061472  |b IT1  |c ACC  |u 20250521 
902 |a https://opac.biblio.iteso.mx/vufind/Record/000131643